| 000 | 00952nam a2200277Ia 4500 | ||
|---|---|---|---|
| 999 |
_c65624 _d65624 |
||
| 005 | 20240530110835.0 | ||
| 008 | 140319s1991 ua 000 0 ara d | ||
| 017 | _bمصر. دار الكتب | ||
| 040 |
_aGCL / _cGCL |
||
| 082 | 0 | 4 |
_221 _a291\ _bم م |
| 100 | 0 | _aمحمد ابو زهرة | |
| 245 | 1 | 0 |
_aمقارنات الاديان : _bالديانات القديمة / _cمحمد ابوزهرة |
| 250 | _aط.1 | ||
| 260 |
_aالقاهرة : _bدار الفكر العربى، _c1991 |
||
| 300 |
_a95 ص. ؛ _c24 سم. |
||
| 650 | 0 | 7 |
_2qrmak _aمقارنة الاديان |
| 650 | 0 | 7 | _aالوثنية |
| 650 | 0 | 7 | _aالكونفوشيوسة |
| 650 | 0 | 7 | _aالبوذية |
| 650 | 0 | 7 | _aالديانة الهندية القديمة |
| 650 | 0 | 7 | _aالديانات المصرية القديمة |
| 650 | 0 | 7 | _aالديانات القديمة |
| 651 | _2qrmak | ||
| 942 |
_2ddc _cBK |
||